[Event "Muensterland Verbandsliga 1920"]
[Site "Germany"]
[Date "2019.09.07"]
[Round "1.4"]
[White "Loesing, Henrik"]
[Black "Diepenbrock, Till"]
[Result "0-1"]
[WhiteElo "1873"]
[BlackElo "1778"]
[PlyCount "76"]
[EventDate "2019.09.07"]
[EventType "team-tourn"]
[EventRounds "7"]
[EventCountry "GER"]
[SourceTitle "EXT 2023"]
[Source "ChessBase"]
[SourceDate "2022.10.05"]
[SourceVersion "1"]
[SourceVersionDate "2022.10.05"]
[SourceQuality "1"]
[WhiteTeam "Suedlohn II"]
[BlackTeam "Nordwalde"]
[WhiteTeamCountry "GER"]
[BlackTeamCountry "GER"]

1. d4 Nf6 2. Nf3 e6 3. Bf4 b6 4. e3 Bb7 5. Nbd2 Be7 6. Bd3 d6 7. Qe2 Nbd7 8. h3 Nd5 9. c3 c5 10. Bg3 0-0 11. 0-0 N7f6 12. Rad1 Qc8 13. Nc4 Rd8 14. e4 b5 15. Na5 c4 16. Bb1 Nb6 17. Bh4 Rd7 18. Nxb7 Qxb7 19. Ng5 h6 20. f4 hxg5 21. fxg5 Nh7 22. e5 g6 23. Rxf7 Kxf7 24. Rf1+ Kg7 25. Qc2 Nf8 26. Qf2 dxe5 27. Qf7+ Kh8 28. Bg3 Bd6 29. Qf6+ Kg8 30. Bxg6 Nd5 31. Be4 Nxf6 32. Bxb7 Rxb7 33. gxf6 Ng6 34. Re1 Rd8 35. dxe5 Bc5+ 36. Kh2 Rd2 37. Re4 Bf2 38. h4 Rh7 0-1

[Event "Muensterland Verbandsliga 1617"]
[Site "Germany"]
[Date "2017.02.25"]
[Round "7.2"]
[White "Loesing, Henrik"]
[Black "Berger, Alfred Josef"]
[Result "1-0"]
[WhiteElo "1931"]
[BlackElo "1980"]
[PlyCount "49"]
[EventDate "2016.09.10"]
[EventType "team"]
[EventRounds "9"]
[EventCountry "GER"]
[SourceTitle "EXT 2018"]
[Source "ChessBase"]
[SourceDate "2017.10.13"]
[SourceVersion "1"]
[SourceVersionDate "2017.10.13"]
[SourceQuality "1"]
[WhiteTeam "Stadtlohn"]
[BlackTeam "Heiden"]
[WhiteTeamCountry "GER"]
[BlackTeamCountry "GER"]

1. e4 c5 2. Nf3 a6 3. g3 g6 4. Bg2 Bg7 5. 0-0 Nf6 6. d3 Nc6 7. Nbd2 0-0 8. Re1 Qc7 9. Nf1 d5 10. e5 Ng4 11. e6 fxe6 12. h3 Nge5 13. Nxe5 Bxe5 14. c3 Bd7 15. Bh6 Rf7 16. Nh2 Rxf2 17. Kxf2 Bxg3+ 18. Kg1 Bxh2+ 19. Kh1 Ne5 20. Rf1 Nf7 21. Rxf7 Kxf7 22. Qf3+ Kg8 23. Rf1 Qb8 24. Qf7+ Kh8 25. Qg7# 1-0

[Event "Muensterland Verbandsklasse 1314"]
[Site "Germany"]
[Date "2014.03.08"]
[Round "7.1"]
[White "Teloeken, Daniel"]
[Black "Loesing, Henrik"]
[Result "0-1"]
[WhiteElo "1806"]
[BlackElo "1914"]
[PlyCount "68"]
[EventDate "2013.09.21"]
[EventType "team-tourn"]
[EventRounds "9"]
[EventCountry "GER"]
[SourceTitle "EXT 2015"]
[Source "ChessBase"]
[SourceDate "2014.11.20"]
[SourceVersion "1"]
[SourceVersionDate "2014.11.20"]
[SourceQuality "1"]
[WhiteTeam "Suedlohn II"]
[BlackTeam "Stadtlohn"]
[WhiteTeamCountry "GER"]
[BlackTeamCountry "GER"]

1. c4 g6 2. Nc3 Bg7 3. d4 Nf6 4. Nf3 0-0 5. g3 d6 6. Bg2 c5 7. 0-0 Nc6 8. d5 Na5 9. Nd2 a6 10. Qc2 Rb8 11. b3 b5 12. Bb2 Bf5 13. e4 Bg4 14. h3 Bc8 15. Nd1 Bh6 16. f4 Nh5 17. Qc3 Bg7 18. e5 dxe5 19. fxe5 Bh6 20. Ne4 bxc4 21. bxc4 Rb4 22. Ba3 Rxc4 23. Qe1 Rc2 24. Nxc5 Nc4 25. Bb4 a5 26. Bc3 Rxg2+ 27. Kxg2 Qxd5+ 28. Kh2 Qxc5 29. Nb2 Nxb2 30. Bxb2 Ba6 31. Rf2 Be3 32. Rf3 Qc2+ 33. Kh1 Qxb2 34. Rb1 Nxg3+ 0-1

[Event "Muensterland Verbandsklasse 1314"]
[Site "Germany"]
[Date "2014.01.11"]
[Round "5.1"]
[White "Quante, Lennart"]
[Black "Loesing, Henrik"]
[Result "1-0"]
[WhiteElo "1902"]
[BlackElo "1914"]
[PlyCount "47"]
[EventDate "2013.09.21"]
[EventType "team-tourn"]
[EventRounds "9"]
[EventCountry "GER"]
[SourceTitle "EXT 2015"]
[Source "ChessBase"]
[SourceDate "2014.11.20"]
[SourceVersion "1"]
[SourceVersionDate "2014.11.20"]
[SourceQuality "1"]
[WhiteTeam "Muenster SK V"]
[BlackTeam "Stadtlohn"]
[WhiteTeamCountry "GER"]
[BlackTeamCountry "GER"]

1. d4 Nf6 2. c4 g6 3. Nc3 Bg7 4. e4 d6 5. Bd3 Nc6 6. Nge2 0-0 7. 0-0 e5 8. d5 Nd4 9. f3 c6 10. Be3 Nh5 11. g4 Nf4 12. Nxf4 exf4 13. Bxf4 f5 14. exf5 gxf5 15. g5 Kh8 16. Kh1 Be5 17. Bxe5+ dxe5 18. f4 exf4 19. Rxf4 Qxg5 20. Rxd4 c5 21. Bc2 f4 22. Re4 f3 23. Qg1 Qd2 24. Re7 1-0

[Event "Muensterland Verbandsklasse-B 0910"]
[Site "Germany"]
[Date "2009.10.24"]
[Round "2.1"]
[White "Lodde, Martin"]
[Black "Loesing, Henrik"]
[Result "1/2-1/2"]
[WhiteElo "1932"]
[BlackElo "1861"]
[PlyCount "81"]
[EventDate "2009.09.19"]
[EventType "team-tourn"]
[EventRounds "9"]
[EventCountry "GER"]
[SourceTitle "EXT 2011"]
[Source "ChessBase"]
[SourceDate "2010.11.26"]
[SourceVersion "1"]
[SourceVersionDate "2010.11.26"]
[SourceQuality "1"]
[WhiteTeam "Telgte"]
[BlackTeam "Stadtlohn"]
[WhiteTeamCountry "GER"]
[BlackTeamCountry "GER"]

1. Nf3 g6 2. d4 Bg7 3. e4 d6 4. g3 Nf6 5. Nc3 Bg4 6. Bg2 Nc6 7. Be3 e5 8. d5 Nd4 9. Bxd4 exd4 10. Qxd4 0-0 11. 0-0 Re8 12. Qc4 Nd7 13. Nd2 c5 14. f4 Qa5 15. Nb3 Qd8 16. Rfe1 Nb6 17. Qf1 Bd7 18. Kh1 Na4 19. Nxa4 Bxa4 20. e5 Rc8 21. exd6 Bxb2 22. Rxe8+ Bxe8 23. Rb1 Bg7 24. Nd2 b6 25. Ne4 f5 26. Ng5 Qxd6 27. Ne6 Bd7 28. Nxg7 Kxg7 29. Re1 Re8 30. Rxe8 Bxe8 31. Qe1 Bb5 32. Qe5+ Qxe5 33. fxe5 Kf7 34. Kg1 Bc4 35. a3 a6 36. Kf2 b5 37. c3 a5 38. Ke3 g5 39. h4 h6 40. hxg5 hxg5 41. Bf3 1/2-1/2

[Event "Muensterland Verbandsliga 0809"]
[Site "Germany"]
[Date "2009.01.31"]
[Round "6.4"]
[White "Korb, Andreas"]
[Black "Loesing, Henrik"]
[Result "0-1"]
[WhiteElo "2018"]
[BlackElo "1827"]
[PlyCount "62"]
[EventDate "2008.09.20"]
[EventType "team-tourn"]
[EventRounds "9"]
[EventCountry "GER"]
[SourceTitle "EXT 2010"]
[Source "ChessBase"]
[SourceDate "2010.11.25"]
[SourceVersion "1"]
[SourceVersionDate "2010.11.25"]
[SourceQuality "1"]
[WhiteTeam "Sendenhorst"]
[BlackTeam "Stadtlohn"]
[WhiteTeamCountry "GER"]
[BlackTeamCountry "GER"]

1. Nc3 g6 2. h4 Nf6 3. e4 d6 4. d4 Bg7 5. Be2 c5 6. Be3 cxd4 7. Qxd4 Nc6 8. Qd2 Qa5 9. f3 a6 10. Nh3 d5 11. exd5 Nb4 12. Bc4 Bxh3 13. Rxh3 Rd8 14. 0-0-0 Rc8 15. Qe2 0-0 16. Bd4 Nxc2 17. Kxc2 b5 18. Bb3 b4 19. f4 bxc3 20. Rxc3 Rxc3+ 21. Bxc3 Rc8 22. Rd3 Qb4 23. Kb1 Qxf4 24. Qxe7 Ne4 25. Rf3 Nd2+ 26. Bxd2 Qxd2 27. Qxf7+ Kh8 28. Rc3 Qe1+ 29. Kc2 Bxc3 30. Qe6 Qd2+ 31. Kb1 Qxb2# 0-1

[Event "Muensterland Verbandsklasse-B 0405"]
[Site "Muensterland"]
[Date "2005.03.19"]
[Round "8.3"]
[White "Broemmel, Rudolf"]
[Black "Loesing, Henrik"]
[Result "1/2-1/2"]
[WhiteElo "1919"]
[BlackElo "1775"]
[PlyCount "95"]
[EventDate "2004.09.11"]
[EventType "team"]
[EventRounds "9"]
[EventCountry "GER"]
[SourceTitle "EXT 2006"]
[Source "ChessBase"]
[SourceDate "2005.11.24"]
[SourceVersion "1"]
[SourceVersionDate "2005.11.24"]
[SourceQuality "1"]
[WhiteTeam "Raesfeld Erle"]
[BlackTeam "Stadtlohn"]
[WhiteTeamCountry "GER"]
[BlackTeamCountry "GER"]

1. e4 d6 2. Nc3 g6 3. g3 Bg7 4. Bg2 c5 5. d3 Nc6 6. Be3 Be6 7. Qd2 b5 8. Nge2 Ne5 9. h3 Qc8 10. f4 Bxh3 11. Bxh3 Nf3+ 12. Kf2 Nxd2 13. Bxc8 Nxe4+ 14. dxe4 Rxc8 15. Rag1 Nf6 16. Kf3 b4 17. Nd1 h5 18. c4 Ng4 19. Bc1 f5 20. exf5 gxf5 21. b3 e5 22. Ne3 e4+ 23. Kg2 Nxe3+ 24. Bxe3 Bf6 25. Rd1 Ke7 26. Rd5 Ke6 27. Rhd1 Be7 28. Bf2 Rcg8 29. Kf1 Rd8 30. Ke1 a5 31. Kd2 Ra8 32. Ke3 a4 33. R1d2 axb3 34. axb3 Ra3 35. Nc1 Rha8 36. Rc2 Bf6 37. Rdd2 Bc3 38. Rxc3 bxc3 39. Rc2 Ra1 40. Be1 Rg8 41. Rxc3 h4 42. gxh4 Rg2 43. Bf2 Rb1 44. Rc2 Rh2 45. Ke2 Rh1 46. Na2 Rxb3 47. Nc3 Rh2 48. h5 1/2-1/2

[Event "Muensterland Verbandsklasse-B 0405"]
[Site "Muensterland"]
[Date "2004.10.16"]
[Round "2.2"]
[White "Ringwelski, Marius"]
[Black "Loesing, Henrik"]
[Result "1/2-1/2"]
[WhiteElo "1944"]
[BlackElo "1775"]
[PlyCount "140"]
[EventDate "2004.09.11"]
[EventType "team"]
[EventRounds "9"]
[EventCountry "GER"]
[SourceTitle "EXT 2006"]
[Source "ChessBase"]
[SourceDate "2005.11.24"]
[SourceVersion "1"]
[SourceVersionDate "2005.11.24"]
[SourceQuality "1"]
[WhiteTeam "Telgte"]
[BlackTeam "Stadtlohn"]
[WhiteTeamCountry "GER"]
[BlackTeamCountry "GER"]

1. e4 d6 2. d4 Nf6 3. f3 g6 4. Be3 Bg7 5. c4 c5 6. Ne2 cxd4 7. Nxd4 Nc6 8. Qd2 h5 9. Be2 Nxd4 10. Bxd4 Be6 11. 0-0 Rc8 12. b3 Qc7 13. Nc3 Qa5 14. Rfc1 Bh6 15. Be3 Qc5 16. f4 Bxf4 17. Kf2 Bxe3+ 18. Qxe3 Ng4+ 19. Bxg4 Bxg4 20. Qxc5 Rxc5 21. Ke3 0-0 22. a4 Re5 23. a5 Bd7 24. a6 b6 25. Kd4 f5 26. Re1 e6 27. exf5 Rexf5 28. Re2 Rd8 29. b4 d5 30. cxd5 exd5 31. g3 Rg5 32. Rf1 h4 33. Re5 Rxe5 34. Kxe5 d4 35. Nd5 Bb5 36. Rd1 hxg3 37. Rxd4 g2 38. Rg4 Bf1 39. Rxg6+ Kh7 40. Rg3 Re8+ 41. Kf6 Rf8+ 42. Ke7 Rf3 43. Rg4 Rf5 44. Ke6 Bxa6 45. Nf6+ Kh6 46. Rxg2 Bc8+ 47. Kf7 Rg5 48. Rd2 Rg7+ 49. Kf8 Be6 50. Ne4 Rf7+ 51. Ke8 Rf4 52. Ng3 Kg5 53. Ke7 Bb3 54. b5 Rb4 55. Rd7 Rxb5 56. Rxa7 Bc2 57. Kd6 Rb2 58. Ke5 b5 59. Ne4+ Kg4 60. Ra3 b4 61. Rg3+ Kh4 62. Ng5 Bd1 63. Nf3+ Kh5 64. Kd4 b3 65. Kc3 Rf2 66. Nd2 Rxd2 67. Kxd2 b2 68. Kxd1 b1Q+ 69. Ke2 Qc2+ 70. Kf3 Qxh2 1/2-1/2